| 000 | 00803nam a2200217 i 4500 | ||
|---|---|---|---|
| 001 | 127122 | ||
| 003 | ES-MaACL | ||
| 005 | 20250806063130.0 | ||
| 007 | t| | ||
| 008 | 161130s1952 sp f |||| |dspa d | ||
| 080 | _a929 López de Zúñiga, Alonso Diego. Duque de Béjar | ||
| 080 | _a929 Tapia, Rodrigo de | ||
| 100 | 1 |
_aSaltillo, Miguel Lasso de la Vega y López de Tejada, _cMarqués del, _d1893-1957 _9188502 |
|
| 245 | 1 | 0 |
_aDos mecenas de Cervantes _b: El Duque de Béjar y Don Rodrigo de Tapia / _cMarqués del Saltillo. |
| 260 |
_aMadrid : _bMaestre, _c1952. |
||
| 300 |
_a61 p., [3] h. de lám. ; _c24 cm. |
||
| 600 | 1 | 4 |
_aBéjar, Diego López de Zúñiga _cDuque de. _9161383 |
| 600 | 1 | 4 |
_aTapia, Rodrigo de. _9161384 |
| 852 |
_aES-MaACL _j2333-F-11 |
||
| 999 |
_c127122 _d127122 |
||